| Tag |
First Indicator |
Second Indicator |
Subfields |
| LEADER |
00000cam a2200000 i 4500 |
| 001 |
in00000096729 |
| 005 |
20150925090312.0 |
| 008 |
740930s1974 nyua b 00010 eng |
| 010 |
|
|
|a 74076102
|
| 020 |
|
|
|a 0834800888 :
|c $20.00
|
| 035 |
|
|
|a (OCoLC)01085933
|
| 035 |
|
|
|9 AAL2442AM
|
| 040 |
|
|
|a DLC
|c DLC
|d TXA
|d UtOrBLW
|
| 043 |
|
|
|a a-ja---
|
| 049 |
|
|
|a TXAM
|c [957079]
|
| 050 |
0 |
0 |
|a TL759.4.J3
|b S84 1974
|
| 082 |
0 |
|
|a 629.133/32/0952
|
| 100 |
1 |
|
|a Streeter, Tal.
|
| 245 |
1 |
4 |
|a The art of the Japanese kite /
|c by Tal Streeter.
|
| 250 |
|
|
|a 1st ed.
|
| 264 |
|
1 |
|a New York :
|b Weatherhill,
|c 1974.
|
| 300 |
|
|
|a 181 pages :
|b illustrations (some color) ;
|c 27 cm.
|
| 336 |
|
|
|a text
|b txt
|2 rdacontent
|
| 337 |
|
|
|a unmediated
|b n
|2 rdamedia
|
| 338 |
|
|
|a volume
|b nc
|2 rdacarrier
|
| 504 |
|
|
|a Bibliography: pages 179-181.
|
| 650 |
|
0 |
|a Kites
|z Japan.
|
| 999 |
|
|
|a MARS
|
| 999 |
f |
f |
|s f9b66fc3-5610-3025-989b-d408a7fac5b9
|i c1a8d580-5177-3cd0-ad61-984999662f35
|t 0
|
| 952 |
f |
f |
|p ric
|a Texas A&M University
|b Rellis Campus
|c Joint Library Facility
|d Remote Storage
|t 0
|e TL759.4.J3 S84 1974
|h Library of Congress classification
|i unmediated -- volume
|m A14805552897
|
| 998 |
f |
f |
|a TL759.4.J3 S84 1974
|t 0
|l Remote Storage
|